000 00664nam a2200217Ia 4500
003 OSt
005 20230329095809.0
008 210423s2017 xx 000 0 und d
020 _a978-0-19-946682-5
040 _cAL
041 _aeng
082 _a332.1532
_223
_bPRAR
100 _aPRABHU (Nagesh)
_979386
245 _aReflective shadows: political economy of the world bank lending to India
260 _aNew Delhi
_bOxford University Press
_c2017
300 _axxxix,541
_bPB
365 _b995
_cINR
650 _aFinancial Economics
_979387
906 _abank ; economy ; India ; lending ; political ; Reflective ; shadows: ; world
942 _2ddc
_cBK
999 _c168821
_d168821